| 000 | 00461nam a22001817a 4500 | ||
|---|---|---|---|
| 003 | CEME | ||
| 005 | 20210628205138.0 | ||
| 008 | 210226b xxu||||| |||| 00| 0 eng d | ||
| 020 | _a81-7328-036-3 | ||
| 040 | _c. | ||
| 082 | _a001.42 KOT'R | ||
| 100 |
_aKothari, C. R _974158 |
||
| 245 | _aResearch methodology methods and techniques | ||
| 260 |
_aNEWDELHI _bWISHWA PARK _c1996 |
||
| 300 | _aXII, 468P | ||
| 650 |
_a ACC NO-30781 _974159 |
||
| 942 |
_cBK _2ddc |
||
| 999 |
_c579722 _d579722 |
||